World Country Quiz ABC - Statistics

General Stats
  • This quiz has been taken 6 times
  • The average score is 32 of 43
Answers on the Map
Answers color-coded by a green-red scale on the quiz's map according to % correct below.
 
Answer Stats
Answer % Correct
Albania
100%
Andorra
100%
Brazil
100%
Canada
100%
Afghanistan
80%
Angola
80%
Antigua and Barbuda
80%
Argentina
80%
Armenia
80%
Australia
80%
Bahamas
80%
Bangladesh
80%
Barbados
80%
Belarus
80%
Belgium
80%
Bhutan
80%
Bolivia
80%
Brunei
80%
Burundi
80%
Cambodia
80%
Cameroon
80%
Chad
80%
Chile
80%
China
80%
Colombia
80%
Croatia
80%
Cuba
80%
Cyprus
80%
Czechia
80%
Algeria
60%
Austria
60%
Azerbaijan
60%
Bahrain
60%
Belize
60%
Benin
60%
Bosnia and Herzegovina
60%
Botswana
60%
Bulgaria
60%
Burkina Faso
60%
Cape Verde
60%
Central African Republic
60%
Comoros
60%
Costa Rica
60%
No matching quizzes found
Score Distribution
Percent of People with Each Score
Percentile by Number Answered
Your Score History
You have not taken this quiz